Elaboración de un plan de negocio para la micro empresa COOPICAL en el departamento de Estelí, municipio de Pueblo Nuevo, periodo 2014-2017
La investigación presenta la elaboración de un plan de negocio para la micro empresa COOPICAL en el departamento de Estelí, municipio de Pueblo Nuevo, periodo 2014-2017. Esta empresa se dedica al procesamiento de cereales a base de maíz con valor agregado con excelente calidad para el consumo di...
| Main Authors: | , |
|---|---|
| Other Authors: | |
| Format: | Tesis Section = Libro |
| Language: | Undetermined Spanish |
| Published: |
Managua
UNI
2014
|
| Subjects: |
| LEADER | 01332nam a2200277Ia 4500 | ||
|---|---|---|---|
| 008 | 240830s9999 xx 000 0 und d | ||
| 040 | |a BIBLIOTECA-RUPAP T.Mon 658.403 U73 | ||
| 041 | |a spa | ||
| 082 | |a T.Mon 658.403 U73 | ||
| 100 | 1 | |a Urbina Zamorán, Yasser Alí | |
| 100 | 1 | |b Merlo Aristegui, Ronald José | |
| 245 | 1 | 0 | |a Elaboración de un plan de negocio para la micro empresa COOPICAL en el departamento de Estelí, municipio de Pueblo Nuevo, periodo 2014-2017 |
| 260 | |a Managua |b UNI |c 2014 | ||
| 300 | |a 43 p. :il. | ||
| 500 | |a Contiene: anexos e Incluye: CD. | ||
| 502 | |a Tesis (Ingeniero de Sistemas)- UNI, 2014. | ||
| 520 | 3 | |a La investigación presenta la elaboración de un plan de negocio para la micro empresa COOPICAL en el departamento de Estelí, municipio de Pueblo Nuevo, periodo 2014-2017. Esta empresa se dedica al procesamiento de cereales a base de maíz con valor agregado con excelente calidad para el consumo directo, los cuales son dirigidos a toda la población del municipio de Pueblo Nuevo y municipios cercanos. | |
| 650 | 7 | |a PLANEACION ESTRATEGICA | |
| 650 | 7 | |b ADMINISTRACION INDUSTRIAL | |
| 650 | 7 | |c ANALISIS DE MERCADO | |
| 650 | 7 | |d COMPETENCIA | |
| 650 | 7 | |e MERCADEO | |
| 700 | 1 | |a Tutor: |b Navarro Zeledón, Mauricio Ramón | |
| 942 | |c BK |2 ddc | ||
| 991 | |a TESIS | ||
| 999 | |c 18642 | ||